00795nam a2200229Ia 4500003000400000005001700004008004100021020001800062040000700080041000800087082002100095100004200116245006900158250000600227260004800233300001500281365001300296906006600309942001200375999001900387952015900406OSt20230511163346.0210423s2011 xx 000 0 und d a9780521178747 cAL aeng a574.192 WILK223 aWILSON (Keith);WALKER (John).9103961 aPrinciples and techniques of biochemistry and molecular biology. a7 aNew DelhibCambridge University Pressc2011 axv,744bPB b545cINR abiochemistry ; biology. ; molecular ; Principles ; techniques 2ddccBK c164697d164697 001040708BIOCaSACPGbSACPGd2012-12-10eCambridge University Pressg545.00l1o574.192 WILKpPG011195r2023-01-10 00:00:00s2022-12-27w2021-04-26yBK